COMMON MAN TACKLES CORRUPTION (Record no. 3722)

MARC details
000 -LEADER
fixed length control field 00338nam a2200133Ia 4500
008 - FIXED-LENGTH DATA ELEMENTS--GENERAL INFORMATION
fixed length control field 240624s9999 xx 000 0 und d
041 ## - LANGUAGE CODE
Language code of text/sound track or separate title eng
082 ## - DEWEY DECIMAL CLASSIFICATION NUMBER
Classification number 741.5954 LAX
100 ## - MAIN ENTRY--PERSONAL NAME
Personal name LAXMAN R K
245 ## - TITLE STATEMENT
Title COMMON MAN TACKLES CORRUPTION
260 ## - PUBLICATION, DISTRIBUTION, ETC.
Date of publication, distribution, etc. 2002
Place of publication, distribution, etc. New Delhi
Name of publisher, distributor, etc. Penguin Books
300 ## - PHYSICAL DESCRIPTION
Extent xiii, : 194 : p. : cm. ; 17
365 ## - TRADE PRICE
Currency code RS
Holdings
Withdrawn status Lost status Damaged status Not for loan Home library Current library Shelving location Date acquired Source of acquisition Cost, normal purchase price Total Checkouts Total Holds Full call number Barcode Date last seen Date last checked out Copy number Price effective from Koha item type
        IMTN IMTN Rack 38-A 07/24/2006 WBD 200.00 5 521 741.5954 LAX 3722 01/17/2026 01/07/2026 1 06/24/2024 Books
Designed & Maintained by: LRC IMT Nagpur Contact: lrc@imtnag.ac.in© 2024. All Rights Reserved.